NLSUI OPAC header image

The tribal world of Verrier Elwin : An autobiography (Record no. 38966)

MARC details
000 -LEADER
fixed length control field 01012nam a2200217Ia 4500
003 - CONTROL NUMBER IDENTIFIER
control field OSt
005 - DATE AND TIME OF LATEST TRANSACTION
control field 20210503153750.0
008 - FIXED-LENGTH DATA ELEMENTS--GENERAL INFORMATION
fixed length control field 160316s1989 xxu||||| |||| 00| 0 eng d
020 ## - INTERNATIONAL STANDARD BOOK NUMBER
International Standard Book Number 9780195623147
040 ## - CATALOGING SOURCE
Transcribing agency n
082 ## - DEWEY DECIMAL CLASSIFICATION NUMBER
Classification number 305.560000
Item number ELW-2
100 ## - MAIN ENTRY--PERSONAL NAME
Personal name Elwin Verrier
245 ## - TITLE STATEMENT
Title The tribal world of Verrier Elwin : An autobiography
260 ## - PUBLICATION, DISTRIBUTION, ETC.
Place of publication, distribution, etc. Delhi
Name of publisher, distributor, etc. Oxford University Press
Date of publication, distribution, etc. 1989
300 ## - PHYSICAL DESCRIPTION
Extent 356p
365 ## - TRADE PRICE
Price amount Gratis
505 ## - FORMATTED CONTENTS NOTE
Formatted contents note Summary: <br/>Verrier Elwin was an English missionary in India who was converted to Indian ways of thinking through contact with Mahatma Gandhi, the national movement, and tribal India. He studied and lived with several of the country's little-known tribes and became close to Gandhi as well as Nehru. This moving and well-written autobiography describes Elwin's remarkable experience in India and provides a fascinating look at this important pioneering anthropologist.
650 ## - SUBJECT ADDED ENTRY--TOPICAL TERM
Topical term or geographic name entry element 1.Autobiography - Elwin Verrier
700 ## - ADDED ENTRY--PERSONAL NAME
Personal name
--
942 ## - ADDED ENTRY ELEMENTS (KOHA)
Source of classification or shelving scheme Dewey Decimal Classification
Koha item type BOOKs
Holdings
Withdrawn status Lost status Damaged status Not for loan Home library Current library Shelving location Date acquired Total Checkouts Full call number Barcode Date last seen Price effective from Koha item type
        NLS NLS Library Compactors 30/05/2017   305.56 ELW-2 32839 30/05/2017 30/05/2017 BOOKs